| 000 | 00624nam a22001935i 4500 | ||
|---|---|---|---|
| 001 | 177149 | ||
| 003 | ES-MaACL | ||
| 005 | 20230906220250.0 | ||
| 008 | 110307s1966 sp |||| | spa d | ||
| 080 | _a821.134.2-311.2"19" | ||
| 100 | 1 |
_aMerino, Joaquín. _980518 |
|
| 245 | 1 | 3 |
_aLa cueva / _cJoaquín Merino. |
| 260 |
_a[Madrid] : _bLNP, _c1966. |
||
| 300 |
_a119 p. ; _c17 cm. |
||
| 490 | 1 |
_aLa novela popular. Contemporánea, inédita, española ; _v25 |
|
| 830 | 0 |
_aLa novela popular. Contemporánea, inédita, española ; _v25 _9188024 |
|
| 852 |
_aES-MaACL _jE-14571 _xOlim P-213-Ter |
||
| 999 |
_c177149 _d177149 |
||